[Event "Mumbai Wealth op 3rd"]
[Site "Mumbai"]
[Date "2018.01.02"]
[Round "4"]
[White "Yashas, Donthi"]
[Black "Dileep, Kumar R"]
[Result "0-1"]
[WhiteElo "1473"]
[BlackElo "2053"]
[PlyCount "125"]
[EventDate "2017.12.30"]
[EventType "swiss"]
[EventRounds "9"]
[EventCountry "IND"]
[SourceTitle "CBM 182 Extra"]
[Source "ChessBase"]
[SourceDate "2018.02.23"]
[SourceVersion "1"]
[SourceVersionDate "2018.02.23"]
[SourceQuality "1"]

1. e4 c5 2. Nf3 Nc6 3. Bb5 g6 4. Bxc6 dxc6 5. d3 Bg7 6. h3 Nf6 7. Nc3 Nd7 8. Be3 e5 9. Qd2 h6 10. 0-0 Qe7 11. Nh2 Nf8 12. Ne2 Be6 13. c3 0-0-0 14. Qc2 f5 15. f4 Nd7 16. Rad1 exf4 17. Nxf4 Bf7 18. Ne2 fxe4 19. dxe4 Bc4 20. Rf2 Ne5 21. Rxd8+ Rxd8 22. Nc1 Nd3 23. Nxd3 Rxd3 24. Bc1 Qxe4 25. Nf3 Qe6 26. Bf4 Rd7 27. Nd2 Qe1+ 28. Nf1 Qe6 29. Nd2 Bd3 30. Qc1 g5 31. Bh2 Qe3 32. Nb3 Qxc1+ 33. Nxc1 Bc4 34. Rc2 Rd1+ 35. Kf2 Bd5 36. Nb3 c4 37. Nd2 Bf8 38. Be5 Bc5+ 39. Bd4 Bxd4+ 40. cxd4 b5 41. a3 Kd7 42. Kg3 Kd6 43. h4 gxh4+ 44. Kxh4 Bxg2 45. Nxc4+ bxc4 46. Rxg2 Rxd4+ 47. Kh5 Rd3 48. Kxh6 c3 49. bxc3 Rxc3 50. Ra2 Rg3 51. a4 a5 52. Rd2+ Kc5 53. Rc2+ Kd5 54. Rd2+ Kc4 55. Rf2 c5 56. Kh5 Kb4 57. Kh4 Rg8 58. Rf4+ c4 59. Rf1 c3 60. Rb1+ Kxa4 61. Ra1+ Kb4 62. Rb1+ Kc4 63. Ra1 0-1

[Event "Asian-ch U16"]
[Site "Beijing"]
[Date "2010.07.10"]
[Round "3.1"]
[White "Yashas, Donthi"]
[Black "Narayanan, Srinath"]
[Result "1-0"]
[WhiteElo "2242"]
[BlackElo "2409"]
[PlyCount "99"]
[EventDate "2010.07.09"]
[EventType "swiss"]
[EventRounds "9"]
[EventCountry "CHN"]
[SourceTitle "EXT 2024"]
[Source "ChessBase"]
[SourceDate "2023.10.10"]
[SourceVersion "1"]
[SourceVersionDate "2023.10.10"]
[SourceQuality "1"]

1. e4 c5 2. Nf3 d6 3. Bb5+ Nd7 4. d4 cxd4 5. Qxd4 a6 6. Bxd7+ Bxd7 7. c4 Rc8 8. Nc3 e5 9. Qd3 h6 10. 0-0 Nf6 11. b3 Be6 12. a4 Nd7 13. Ba3 Nc5 14. Bxc5 Rxc5 15. Nd5 Bxd5 16. exd5 Be7 17. Nd2 0-0 18. f4 exf4 19. Ne4 Rc8 20. Rxf4 f5 21. Ng3 g6 22. Re1 Bg5 23. Rff1 Qb6+ 24. Kh1 Rce8 25. Rxe8 Rxe8 26. Nxf5 gxf5 27. Qxf5 Qd8 28. h4 Be3 29. Qg4+ Kh8 30. Rf7 Rg8 31. Qe4 Rg7 32. Rxg7 Kxg7 33. Qxe3 Qxh4+ 34. Kg1 a5 35. g3 Qf6 36. Kg2 Qb2+ 37. Kh3 Qf6 38. Qf4 Qe7 39. Qf5 b6 40. Qe6 Qf8 41. Kg4 Qd8 42. Kf4 Qg5+ 43. Kf3 Qd8 44. Ke4 Qc7 45. Kf5 h5 46. Qg6+ Kf8 47. Qxh5 Qd7+ 48. Kf4 Qg7 49. Qf5+ Ke7 50. Qg5+ 1-0